Score 0/55 Timer 07:00
0 Plays Today
% Correct
Jaguar
86.5%
Leopard
86.4%
Burmese
86.1%
Cheetah
86%
Lion
85.7%
Persian
85.2%
Abyssinian
84.8%
Bobcat
84.6%
Tiger
82.8%
Garfield
81.3%
Maine Coon
80.7%
Friskies
80.4%
Russian Blue
78.9%
Meow Mix
78.8%
Fancy Feast
78.5%
Ocelot
78.3%
Whiskas
77.4%
Felis catus
76.4%
Pink Panther
76.3%
Himalayan
75.8%
Turkish Angora
73.6%
Cornish Rex
72.9%
Iams
71.3%
Sylvester
70.7%
Thing One
70.7%
Cheshire Cat
70.6%
Thing Two
70.1%
9Lives
70%
% Correct
Shorthair
69.5%
Longhair
69.4%
Manx
68.9%
Bicolor
67.9%
Spotted
67.9%
Rumpleteazer
66.5%
Rum Tum Tugger
64.4%
Grizabella
64.4%
Temptations
63.6%
Heathcliff
63.1%
Duchess
62.5%
Skimbleshanks
60.5%
Serval
59.7%
Mungojerrie
58.7%
Oliver
57.6%
Solid
57.5%
Sally
57.3%
Top Cat
56.6%
Caracal
55.8%
Sphynx
52.8%
Lucifer
52.5%
Mother
50.3%
Princess Carolyn
49.5%
Old Deuteronomy
48.7%
Scratchy
48.5%
Fish
43.9%
Azrael
38.2%

You're not logged in!

Compare scores with friends on all Sporcle quizzes.
OR
Log In

Sporcle TV

Today on Sporcle TV


Watch our educational content, quiz creation guides, and fun videos on Sporcle TV.

Show Comments

Extras

Top Quizzes Today


Score Distribution

Paid Content

Your Account Isn't Verified!

In order to create a playlist on Sporcle, you need to verify the email address you used during registration. Go to your Sporcle Settings to finish the process.

Report this User

Report this user for behavior that violates our Community Guidelines.

Details: